00461nam a2200169Ia 4500003000900000008004100009040001600050080001500066100001700081245007100098260003300169300000900202650001300211650002600224650002200250650001900272IN-BaIIA211028s9999 xx 000 0 eng d cIIA Library a517.2bBUG aBugrov, YA S 0aDifferential and Integral CalculuscYA S Bugrov and S. M. Nikolsky aMoscowbMIR Publishersc1982 a464p aCalculus aDifferential Calculus aIntegral Calculus aNASA Thesaurus